000 00438nam a22001817a 4500
003 koha_MIRAKIL
005 20231213065301.0
008 231213b |||||||| |||| 00| 0 ||| d
020 _b978-9-94439653-0
040 _aTR-IsEVY
_btur
_cTR-IsEVY
082 _a780 YIL/B
100 _aYILDIZELİ, İREM ELA.
245 0 _aBİR KÜLTÜR SAVAŞCISI.
260 _bPAN,
_c2009
300 _a[ ] p.
650 _aMüzik.
942 _2ddc
_cBK
999 _c1041
_d1041